000
00330nam a2200121Ia 4500
008
240624s9999 xx 000 0 und d
041
_a
eng
082
_a
658.4092 KNI
100
_a
KNIPPENBERG DAAN VAN
245
_a
LEADERSHIP AND POWER IDENTITY PROCESSES
260
_c
2004
_a
New Delhi
_b
Sage Publications Ltd
300
_a
280 : p.
999
_c
18257
_d
18257